000 00865nam a2200229Ia 4500
001 11194
003 GE_BSU
008 181216s||||||||xx |||||||||||||| ||und||
040 _cGE_BSU
080 _a502.17(479.22-751.2)
100 _aქვაჩაკიძე, რევაზ
245 _aლაგოდეხის სახელმწიფო ნაკრძალის მცენარეულობა
245 _cრედ: მ. სვანიძე
260 _aთბილისი.
260 _bშპს საარი
260 _c1999
300 _a166გვ.20სმ.
300 _eრეზიუმე რუს. და ქართ. ენაზე
541 _h3ლ.
653 _aლაგოდეხის სახელმწიფო ნაკრძალის მცენარეულობა
942 _cBK
999 _c44428
_d44428